La Circe. Ed. ad uso de' giovani

Saved in:
Bibliographic Details
Main Author: Gelli, Giovanni Battista.
Format: Book
Language:Italian
Published: Parma Fiaccadori 1871
Textbook Catalogue:EDISCO:  Library Catalog Search Result
Textbook Classification:
Tags: Add Tag
No Tags, Be the first to tag this record!
Added to:2016-04-30
Changed in:2017-10-18

MARC

LEADER 00000aam a22000007 4500
001 08332
003 OSt
005 20171018100729.0
008 160501s1871 it 000 0 ita
040 |c Gianfranco Bandini - Firenze - CLIO 
041 1 |a ita 
100 1 |a Gelli, Giovanni Battista. 
245 0 0 |a La Circe. Ed. ad uso de' giovani 
260 |a Parma  |b Fiaccadori  |c 1871 
300 |a , 1/x ;  
901 |a 7 
942 |2 ddc  |c BK 
546 |a ita 
999 |c 8321  |d 8321 
999 |c edisco:8321  |d 8321